Les princesses Disney - Statistiques

Statistiques générales
  • Ce quiz a été pris 3 710 fois
  • Le résultat moyen est 12 sur 13
Statistiques - réponses
Hint Réponse % Correct
_______-_____ et les sept nains Blanche-Neige
100%
La _____ et la Bête Belle
99%
La petite sirène Ariel
98%
Aladdin Jasmine
98%
La reine des neiges Elsa
97%
La reine des neiges Anna
96%
La belle au bois dorrmant Aurore
96%
__________ Cendrillon
88%
La princesse et la grenouille Tiana
88%
Rebelle Merida
83%
________ Raiponce
81%
_____ Mulan
78%
__________ Pocahontas
73%
Aucun quiz correspondant
Distribution des résultats
% des personnes avec chaque résultat
Percentile par nombre de réponses
Votre historique - résultats
Vous n’avez pas pris ce quiz